000 00490 a2200181 4500
005 20260202162004.0
008 260202b |||||||| |||| 00| 0 eng d
020 _a9788170353362
_cRs. 3995.00
040 _aMAIN
082 _a660.60243637
_bA89E
100 _aArvind Kumar, ed.
245 _aEnvironmental biotechnology
260 _bDaya Publishing House
_c2024
_aNew Delhi
300 _axxii, 354
650 _aBiotechnology
650 _aEnvironmental Biotechnology
942 _cBK
999 _c395730
_d395730